Southville International School and Colleges
Your cart is empty.
  • Cart
  • Lists
    Public lists Eva Luna New books Lux_list list_1
    Your lists Log in to create your own lists
  • Log in to your account
  • Your cookies
  • Search history
Southville International School and Colleges
  • Advanced search
  • Recent comments
  • Most popular
  • Libraries

Log in to your account

Log in with GOOGLE


If you do not have an external account, but do have a local account, you can still log in:

  1. Home
  2. MARC view: The eleventh commandment
Normal view MARC view ISBD view

The eleventh commandment (Record no. 10691)

[ view plain ]
MARC details
000 -LEADER
fixed length control field 00486nam a22001817a 4500
003 - CONTROL NUMBER IDENTIFIER
control field OSt
005 - DATE AND TIME OF LATEST TRANSACTION
control field 20160215100216.0
008 - FIXED-LENGTH DATA ELEMENTS--GENERAL INFORMATION
fixed length control field 130909t xxu||||| |||| 00| 0 eng d
020 ## - INTERNATIONAL STANDARD BOOK NUMBER
International Standard Book Number 0006496466
050 ## - LIBRARY OF CONGRESS CALL NUMBER
Classification number PZ 3
Item number .Ar671 1998
082 ## - DEWEY DECIMAL CLASSIFICATION NUMBER
Classification number FIC Ar2e
Item number 1998
100 ## - MAIN ENTRY--PERSONAL NAME
Personal name Archer, Jeffrey
9 (RLIN) 17285
245 ## - TITLE STATEMENT
Title The eleventh commandment
Statement of responsibility, etc Jeffrey Archer
260 ## - PUBLICATION, DISTRIBUTION, ETC. (IMPRINT)
Place of publication, distribution, etc London :
Name of publisher, distributor, etc harper Collins Publisher.
Date of publication, distribution, etc c1998.
300 ## - PHYSICAL DESCRIPTION
Extent 370 p. :
Dimensions 18 cm.
942 ## - ADDED ENTRY ELEMENTS (KOHA)
Source of classification or shelving scheme Library of Congress Classification
Koha item type Books
Holdings
Withdrawn status Lost status Source of classification or shelving scheme Damaged status Home library Current library Shelving location Date acquired Total Checkouts Total Renewals Full call number Barcode Date last seen Date checked out Copy number Price effective from Koha item type
    Library of Congress Classification   Luxembourg Library Luxembourg Library Fiction Section 09/09/2013 3 2 PZ 3 .Ar671 1998 11603 07/14/2014 07/14/2014 1 09/09/2013 Books

The eleventh commandment

APA

Archer J., . (1998). The eleventh commandment. London: harper Collins Publisher.

Chicago

Archer Jeffrey, . 1998. The eleventh commandment. London: harper Collins Publisher.

Harvard

Archer J., . (1998). The eleventh commandment. London: harper Collins Publisher.

MLA

Archer Jeffrey, . The eleventh commandment. London: harper Collins Publisher. 1998.

  • Place hold
  • Print
  • Cite
  • Add to your cart (remove)
  • Save record
    BIBTEX Dublin Core MARCXML MARC (non-Unicode/MARC-8) MARC (Unicode/UTF-8) MARC (Unicode/UTF-8, Standard) MODS (XML) RIS
  • More searches
    Search for this title in:
    Other Libraries (WorldCat) Other Databases (Google Scholar) Online Stores (Bookfinder.com) Open Library (openlibrary.org)

Exporting to Dublin Core...

SOUTHVILLE LIBRARY

Southville International School and Colleges Library

1281 Tropical Ave. Cor. Luxembourg St., BF Homes International, Las Pinas City

Tel. No. 8256374 / 252358 Loc. 117/146

Powered by Koha